000 00635nam a2200181Ia 4500
001 33211
003 IN-NITTTR
005 20251114233437.0
008 251113s9999||||xx |||||||||||||| ||eng||
040 _beng
040 _cIN-NITTTR
041 _aeng
082 _aQA76.9.N37
100 _aSamsonovich, Alexei V.
245 0 _aBiologically Inspired Cognitive Architectures (BICA) for Young Scientists :
_b Proceedings of the First International Early Research Career Enhancement School on BICA and Cybersecurity (FIERCES 2017) /
_cSamsonovich, Alexei V., Klimov, Valentin V.
700 _a Klimov, Valentin V.
942 _2ddc
_cBK
999 _c35666
_d35666